000 01622nam a22002657a 4500
999 _c61537
_d61537
003 Ge_BSU
005 20240322101405.0
008 240322s2023ge xxu||||| |||| 00| 0 geo d
020 _a9789941988813
041 _ageo
080 _a341.217(4) მ-18
100 _aმაკკორმიკი, ჯონ, ავტორი.
_921542
245 _aევროკავშირის პოლიტიკა /
_cჯონ მაკკორმიკი ; მთარგმნელი ხათუნა ბასილაშვილი ; რედ.ლალი ქადაგიძე ; წინათქმა კახა შენგელია.
250 _aმე-3 გამოცემა.
264 _aთბილისი :
_bკავკასიის უნივერსიტეტის გამომცემლობა,
_c2023.
300 _a580 გვ. :
_bსურ. ;
_c25 სმ.
500 _aდაფინანსებულია საქართველოში აშშ-ის საელჩოს წიგნების თარგმნის პროექტის ფარგლებში
501 _aტერმინთა საძიებელი: გვ. 573-579.
504 _aბიბლიოგრაფია: გვ. 560-572.
653 _aევროკავშირი
700 _aბასილაშვილი, ხათუნა
_eმთარგმნელი
_97737
700 _aქადაგიძე, ლალი
_eრედაქტორი
_910069
773 _tნაჩუქარი
942 _2udc
_cBK